00729nam a2200193 i 450000100060000000300090000600500170001500700030003200800410003508000190007608000260009510000360012124501510015726000680030830000320037665100450040865100500045385200320050320411ES-MaACL20230906152311.0t|021112s1955 sp ||||1| spa d a946.222 Serena a914.622.2 Serena "17"1 aAgúndez Fernández, Antonio.10aViaje a la Serena en 1791 b: historia de una comarca extremeña escrita tras los pasos del magistrado Cubeles / cAntonio Agúndez Fernández. aCáceres : b[s.n.], c1955 (fTip. Vda. de García Floriano) a198 p., 1 lám. ; c21 cm. 4aLa Serena (Badajoz, Comarca)-xHistoria. 4aLa Serena (Badajoz, Comarca)-xDescripción. aES-MaACLjC-11351 bR.38338